| 000 | 00805nam a22001577a 4500 | ||
|---|---|---|---|
| 003 | OSt | ||
| 005 | 20150930101231.0 | ||
| 008 | 150930b xxu||||| |||| 00| 0 eng d | ||
| 040 | _cRUA | ||
| 082 | _aAGR PEN 2013 B057 Or.1 | ||
| 100 |
_91591 _aPENH LEAKHNAK |
||
| 245 | _aEffectiveness of herbicides on phkarumdoul variety under prey khmer soil condition at osaray commune, tramkokndistrict, takeo province, ( ប្រសិទ្ធភាពថ្នំាសម្លាប់ស្មៅលើពូជស្រូវផ្ការំដួល លក្ខខណ្ឌដីព្រៃ នៅឃុំអូរសារាយ ស្រុកត្រំាកក់ ខេត្តតាកែវ) | ||
| 260 |
_aphnom penh _bRUA _c2013 |
||
| 300 |
_aix, 42p. _bill. _c29cm. |
||
| 942 |
_2ddc _cAGR |
||
| 999 |
_c1502 _d1502 |
||